Faktory pracovnej motivácie a ich využitie pri vytváraní motivačných programov v hoteloch

Motivačné faktory podľa prieskumov domácich a zahraničných autorov. Faktory pracovnej motivácie zamestnancov hotelov.

Guardado en:
Detalles Bibliográficos
Autor principal: Mazúchová, Ľudmila
Otros Autores: Kaščáková, Alena
Formato: Capítulo de libro
Lenguaje:eslovaco
Materias:
Etiquetas: Agregar Etiqueta
Sin Etiquetas, Sea el primero en etiquetar este registro!

MARC

LEADER 00000naa a2200000 4500
001 0216312
005 20221019174328.3
041 0 |a slo 
044 |a SK 
245 1 0 |a Faktory pracovnej motivácie a ich využitie pri vytváraní motivačných programov v hoteloch  |c Ľudmila Mazúchová, Alena Kaščáková 
520 |a Motivačné faktory podľa prieskumov domácich a zahraničných autorov. Faktory pracovnej motivácie zamestnancov hotelov. 
610 2 0 |a motivácia pracovná 
610 2 0 |a hotely 
610 2 0 |a zamestnanci 
610 2 0 |a faktory produktivity práce 
100 1 |a Mazúchová, Ľudmila 
700 1 |a Kaščáková, Alena